The quickening of America : (Record no. 1255)

MARC details
000 -LEADER
fixed length control field 01231pam a2200325 a 4500
005 - DATE AND TIME OF LATEST TRANSACTION
control field 20260322212053.0
008 - FIXED-LENGTH DATA ELEMENTS--GENERAL INFORMATION
fixed length control field data
010 ## - LIBRARY OF CONGRESS CONTROL NUMBER
LC control number 93035547
020 ## - INTERNATIONAL STANDARD BOOK NUMBER
International Standard Book Number 1555426050
020 ## - INTERNATIONAL STANDARD BOOK NUMBER
International Standard Book Number 9781555426057
040 ## - CATALOGING SOURCE
Original cataloging agency DLC
Transcribing agency DLC
Modifying agency DLC
043 ## - GEOGRAPHIC AREA CODE
Geographic area code n-us---
050 00 - LIBRARY OF CONGRESS CALL NUMBER
Classification number JK1764
Item number .L36 1994
082 00 - DEWEY DECIMAL CLASSIFICATION NUMBER
Classification number 323/.042/0973
Edition information 20
092 ## - LOCALLY ASSIGNED DEWEY CALL NUMBER (OCLC)
Classification number 323.042 L36 1994
001 - CONTROL NUMBER
control field data
100 1# - MAIN ENTRY--PERSONAL NAME
Personal name Lappé, Frances Moore.
245 14 - TITLE STATEMENT
Title The quickening of America :
Remainder of title rebuilding our nation, remaking our lives /
Statement of responsibility, etc. Frances Moore Lappé & Paul Martin Du Bois.
250 ## - EDITION STATEMENT
Edition statement 1st ed.
260 ## - PUBLICATION, DISTRIBUTION, ETC.
Place of publication, distribution, etc. San Francisco :
Name of publisher, distributor, etc. Jossey-Bass Publishers,
Date of publication, distribution, etc. c1994.
300 ## - PHYSICAL DESCRIPTION
Extent xiv, 338 p. :
Other physical details ill. ;
Dimensions 24 cm.
504 ## - BIBLIOGRAPHY, ETC. NOTE
Bibliography, etc. note Includes bibliographical references (p. 317-325) and index.
650 #0 - SUBJECT ADDED ENTRY--TOPICAL TERM
Topical term or geographic name entry element Political participation
Geographic subdivision United States.
650 #0 - SUBJECT ADDED ENTRY--TOPICAL TERM
Topical term or geographic name entry element Democracy
Geographic subdivision United States.
650 #0 - SUBJECT ADDED ENTRY--TOPICAL TERM
Topical term or geographic name entry element Social participation
Geographic subdivision United States.
700 1# - ADDED ENTRY--PERSONAL NAME
Personal name Du Bois, Paul Martin,
Dates associated with a name 1945-
856 42 - ELECTRONIC LOCATION AND ACCESS
Materials specified Contributor biographical information
Uniform Resource Identifier <a href="http://www.loc.gov/catdir/bios/wiley043/93035547.html">http://www.loc.gov/catdir/bios/wiley043/93035547.html</a>
856 42 - ELECTRONIC LOCATION AND ACCESS
Materials specified Publisher description
Uniform Resource Identifier <a href="http://www.loc.gov/catdir/description/wiley035/93035547.html">http://www.loc.gov/catdir/description/wiley035/93035547.html</a>
856 4# - ELECTRONIC LOCATION AND ACCESS
Materials specified Table of Contents
Uniform Resource Identifier <a href="http://www.loc.gov/catdir/toc/onix07/93035547.html">http://www.loc.gov/catdir/toc/onix07/93035547.html</a>
Holdings
Withdrawn status Lost status Damaged status Not for loan Home library Current library Shelving location Date acquired Total checkouts Full call number Barcode Date last seen Price effective from Koha item type
        Liberty Liberty General stacks 22/03/2026   323/.042/0973 20 BC0011296 22/03/2026 22/03/2026 Books